书目信息 |
| 题名: |
分形分析引论
|
|
| 作者: | 胡家信 著 | |
| 分册: | ||
| 出版信息: | 北京 科学出版社 2013.6 |
|
| 页数: | 231页 | |
| 开本: | 24cm | |
| 丛书名: | 现代数学基础丛书 | |
| 单 册: | ||
| 中图分类: | O189.12 | |
| 科图分类: | ||
| 主题词: | 分形理论 | |
| 电子资源: | ||
| ISBN: | 978-7-03-037829-3 | |
| 000 | 01022nam 2200265 450 | |
| 001 | 0400001150 | |
| 005 | 20171015160215.0 | |
| 010 | @a978-7-03-037829-3@dCNY78.00 | |
| 100 | @a20171014e20152013em y0chiy ea | |
| 101 | 0 | @achi |
| 102 | @aCN@b110000 | |
| 105 | @aa z 001yy | |
| 106 | @ar | |
| 200 | 1 | @a分形分析引论@9fen xing fen xi yin lun@f胡家信著 |
| 210 | @a北京@c科学出版社@d2013.6@h2015.5 | |
| 215 | @a231页@c图@d24cm | |
| 225 | 2 | @a现代数学基础丛书@v148 |
| 320 | @a有书目和索引(第226-231页) | |
| 330 | @a本书简单介绍分形上的分析,分为两个部分。前半部分介绍分形几何的基本知识,包括自相似集、随机分形、Julia集、Mandelbrot集、L-系统、Hausdorff测度和Hausdorff维数等内容,以及如何利用Matlab数学软件作出分形图形;后半部分介绍分形集上的分析,以Sierpinski垫为模型,介绍狄氏型的构造、定义域的刻画、热核的估计等内容。 | |
| 410 | 0 | @12001 @a现代数学基础丛书 |
| 606 | 0 | @a分形理论 |
| 690 | @aO189.12@v5 | |
| 701 | 0 | @a胡家信@9hu jia xin@4著 |
| 801 | 0 | @aCN@bNLC@c20171014 |
| 905 | @b1020141-5@dO189.12@f5@e59 | |
| 分形分析引论/胡家信著.-北京:科学出版社,2013.6(2015.5) |
| 231页:图;24cm.-(现代数学基础丛书;148) |
| ISBN 978-7-03-037829-3:CNY78.00 |
| 本书简单介绍分形上的分析,分为两个部分。前半部分介绍分形几何的基本知识,包括自相似集、随机分形、Julia集、Mandelbrot集、L-系统、Hausdorff测度和Hausdorff维数等内容,以及如何利用Matlab数学软件作出分形图形;后半部分介绍分形集上的分析,以Sierpinski垫为模型,介绍狄氏型的构造、定义域的刻画、热核的估计等内容。 |
| ● |
| 相关链接 |
|
|
|
|
正题名:分形分析引论
索取号:O189.12/59
 
预约/预借
| 序号 | 登录号 | 条形码 | 馆藏地/架位号 | 状态 | 备注 |
| 1 | 1020141 | 210201413 | 第二样本阅览室/ [索取号:O189.12/59] | 在馆 | |
| 2 | 1020142 | 210201422 | 密集书库-数信学院/ [索取号:O189.12/59] | 在馆 | |
| 3 | 1020143 | 210201431 | 第三借阅区/ [索取号:O189.12/59] | 在馆 | |
| 4 | 1020144 | 210201440 | 第三借阅区/ [索取号:O189.12/59] | 在馆 | |
| 5 | 1020145 | 210201459 | 第三借阅区/ [索取号:O189.12/59] | 在馆 |